000 005740000a22001930004500
020 _a0-9710391-5-1 : Donación
041 0 _aSpa.
082 0 4 _aG 220.546 I126s
245 1 0 _aSanta Biblia : Biblia textual hebraica stuttagartensia novum testamentum graece
250 _a2
260 _aCorea : Sociedad Bíblica Iberoamericana
500 _aTraducción contextual al castellano \ Biblia textual
650 1 4 _aBIBLIA
001 17170
942 _cBK
999 _c43836
_d43836
336 _atexto
_btxt
_2rdacontent
337 _2rdamedia
_asin mediación
_bn
338 _2rdacarrier
_avolumen
_bnc